| 000 | 00657nam a2200193Ia 4500 | ||
|---|---|---|---|
| 003 | GCL | ||
| 008 | 140319s9999 xx 000 0 ara d | ||
| 040 |
_aGCL / _cGCL |
||
| 082 | 0 | 4 |
_a509 _bم ا |
| 100 | 1 | _aمحمد عزت عمر (اعداد) | |
| 245 | 1 | 0 |
_aابحاث المؤتمر السنوى الثامن لتاريخ العلوم عند العرب / _cمحمد عزت عمر (اعداد) |
| 700 | 1 | _aخالد ماغوط | |
| 300 | _a320 ص | ||
| 490 |
_aمنشورات جامعة حلب _v0 |
||
| 650 | 0 | 4 | _aالعلوم عند العرب |
| 650 | 0 | 4 | _aالحضارة الاسلامية |
| 650 | 0 | 4 | _aالعلماء العرب |
| 942 |
_2ddc _cBK |
||
| 999 |
_c43577 _d43577 |
||